Perspectiva para arquitectura / (Registro nro. 11608)
| 000 -CABECERA | |
|---|---|
| campo de control de longitud fija | 00593cam a2200193 4500 |
| 001 - NÚMERO DE CONTROL | |
| campo de control | 0000002955 |
| 005 - FECHA Y HORA DE LA ÚLTIMA TRANSACCIÓN | |
| campo de control | 20220502110716.0 |
| 040 ## - FUENTE DE LA CATALOGACIÓN | |
| Centro catalogador/agencia de origen | taller5 |
| 041 1# - CÓDIGO DE LENGUA | |
| Código de lengua del texto/banda sonora o título independiente | spa |
| 100 1# - ENTRADA PRINCIPAL--NOMBRE DE PERSONA | |
| Nombre de persona | Schaarwachter, Georg. |
| 9 (RLIN) | 99660 |
| 245 10 - MENCIÓN DE TÍTULO | |
| Título | Perspectiva para arquitectura / |
| Mención de responsabilidad, etc. | Georg Schaarwachter. |
| 260 ## - PUBLICACIÓN, DISTRIBUCIÓN, ETC. | |
| Lugar de publicación, distribución, etc. | Barcelona : |
| Nombre del editor, distribuidor, etc. | Gustavo Gili, |
| Fecha de publicación, distribución, etc. | 1980. |
| 500 ## - NOTA GENERAL | |
| Nota general | Colección Externa (Diseño de Interiores) |
| 590 ## - NOTA LOCAL (RLIN) | |
| Nota local | TECNICA PROFESIONAL EN DISEÑO DE INTERIORES |
| 650 #0 - PUNTO DE ACCESO ADICIONAL DE MATERIA--TÉRMINO DE MATERIA | |
| Término de materia o nombre geográfico como elemento de entrada | ARQUITECTURA. |
| 9 (RLIN) | 77040 |
| 650 #0 - PUNTO DE ACCESO ADICIONAL DE MATERIA--TÉRMINO DE MATERIA | |
| Término de materia o nombre geográfico como elemento de entrada | PERSPECTIVA. |
| 9 (RLIN) | 76955 |
| 908 ## - COLOCAR PARÁMETRO DE COMANDO (RLIN) | |
| Colocar parámetro de comando | 050926 |
| Estado de retiro | Estado de pérdida | Estado dañado | No para préstamo | Código de colección | Localización permanente | Ubicación/localización actual | Fecha de adquisición | Total de préstamos | Signatura topográfica completa | Código de barras | Fecha visto por última vez | Número de copia | Precio válido a partir de | Tipo de ítem Koha |
|---|---|---|---|---|---|---|---|---|---|---|---|---|---|---|
| Colección General | Taller 5 | Taller 5 | 29/04/2022 | 720 S291p | T50001586 | 29/04/2022 | Ej.1 | 29/04/2022 | Libro-General |





Redes Sociales
ACCESOS RAPIDOS T5
Tecnología implementada por